| 000 | 00716nam a2200169 i 4500 | ||
|---|---|---|---|
| 001 | 69150 | ||
| 003 | ES-MaACL | ||
| 005 | 20230906170440.0 | ||
| 007 | t| | ||
| 008 | 040915m19211931fr ||||1| fre d | ||
| 100 | 1 |
_aLenormand, Henri René. _971539 |
|
| 245 | 1 | 0 |
_aThéatre complet / _cH. R. Lenormand. |
| 260 |
_aParis : _bLes Éditions G. Crès et Cie, _c1921-931 ( _eTours : _fE. Arrault et Cie) |
||
| 300 |
_a7 v. ; _c19 cm. |
||
| 505 | 8 | _aContiene: 1. Les ratés. Les temps est un souge -- 2. Le simoun. Le maugeur de reves -- 3. La dent rouge. Une vie secrete -- 4. L'homme et ses fantomes. A l'ombre du mal -- 6. L'amour magicien. L'innocente -- 7. Mixture | |
| 852 |
_aES-MaACL _jA-2612-18 _q.- Falta vol. 5º |
||
| 999 |
_c69150 _d69150 |
||